Primitive intelligence and environment /

"For many centuries the interrelationships of peoples have been profoundly affected by the theory that the differences between races are real and of great importance. The responsibility of governing races supposedly inferior to his own is considered to be the white man's burden, and the du...

Full description

Bibliographic Details
Main Author: Porteus, S. D. (Stanley David), 1883-1972
Format: eBook
Language:English
Published: New York : Macmillan Company, 1937.
Subjects:
Online Access:Connect to the full text of this electronic book

MARC

Tag First Indicator Second Indicator Subfields
LEADER 00000cam a2200000Mi 4500
001 in00003518021
006 m o d
007 cr |||||||||||
008 061108s1937 nyu o 000 0 eng d
005 20260612153405.8
035 |a (OCoLC)80855042 
040 |a COCUF  |b eng  |c COCUF  |d OCLCQ  |d OCLCF  |d OCLCO  |d UtOrBLW 
049 |a TXAM 
050 1 4 |a BF731  |b .P55 1937 
082 0 4 |a 136.4  |a [159.9224] 
100 1 |a Porteus, S. D.  |q (Stanley David),  |d 1883-1972. 
245 1 0 |a Primitive intelligence and environment /  |c by S.D. Porteus, D. SC. 
264 1 |a New York :  |b Macmillan Company,  |c 1937. 
300 |a 1 online resource (viii pages, 1 leaf, 325 pages ) 
336 |a text  |b txt  |2 rdacontent 
337 |a computer  |b c  |2 rdamedia 
338 |a online resource  |b cr  |2 rdacarrier 
500 |a "First printing." 
520 |a "For many centuries the interrelationships of peoples have been profoundly affected by the theory that the differences between races are real and of great importance. The responsibility of governing races supposedly inferior to his own is considered to be the white man's burden, and the duty has been wholeheartedly assumed all over Africa, India, the Malay Archipelago, Australia, New Guinea, and with somewhat less assurance elsewhere. It is probably no exaggeration to say that the daily lives of six hundred millions of dark-skinned people are in some way or another affected by this hypothesis. But the theory goes further, and is made of far wider application than to the differences between white, brown and black. It extends to the various divisions of the Caucasian race. To the vast majority of people, at least to those who belong to the reputedly superior race, the significance of racial differences seems self-evident. The physical diversities of races are apparent to all; so, too, the inequalities of cultural status and achievement. In the individual there is a significant correlation between intelligence and achievement; hence, many assume that a similarly close correlation must exist between racial intelligence and cultural standing. At the other pole of opinion are those who believe that racial differences, like beauty, are only skin deep. If we grant that there are individual differences in intelligence there seems to be no good reason to expect otherwise than that there should be group differences in mentality also. It cannot be emphasized too strongly that the question is not necessarily one of racial superiority but of racial differences. There are a myriad of problems when it comes to measurement of these differences. The author has endeavored to present the environmental picture through the medium of a narrative of travel. By thus devoting special attention to this phase of the problem, we may hope to diminish the force of the common objection that nurtural handicaps have not been taken into account. If under conditions of equivalent environmental stress it can be shown that the two groups have achieved different levels of development in different directions, it would seem to me that the study should provide a clear demonstration of the reality and significance of racial differences in intelligence. This book examines closely the racial differences in intelligence among the "primitive" peoples of Australia, Africa (Botswana, the Kalahari), and various Asian and Pacific islander peoples (Malay Peninsula, Japan, Borneo, and Philippine Islands). Along the way, the difficulties these people endure in their particular environments are also examined. (PsycINFO Database Record (c) 2006 APA, all rights reserved)." 
500 |a Electronic resource. 
650 0 |a Ethnopsychology. 
650 0 |a Human beings  |x Effect of environment on. 
650 2 |a Ethnopsychology. 
650 7 |a Ethnopsychology.  |2 fast  |0 (OCoLC)fst00916198 
650 7 |a Human beings  |x Effect of environment on.  |2 fast  |0 (OCoLC)fst00962843 
655 7 |a Electronic books.  |2 local 
730 0 |a PsycBOOKs. 
776 1 |c Original  |w (DLC) 37014867 
856 4 0 |u http://proxy.library.tamu.edu/login?url=https://search.ebscohost.com/direct.asp?db=pzh&jid=200611930&scope=site  |z Connect to the full text of this electronic book  |t 0 
994 |a 92  |b TXA 
999 |a MARS 
999 f f |s 3730f44b-bbae-3fb3-9e78-820caa7fa06b  |i 78bd138a-4e86-3724-9d7c-eccae664e8cd  |t 0 
952 f f |a Texas A&M University  |b College Station  |c Electronic Resources  |s www_evans  |d Available Online  |t 0  |e BF731 .P55 1937  |h Library of Congress classification 
998 f f |a BF731 .P55 1937  |t 0  |l Available Online